[Event "2024 WA Championship Reserves"]
[Site "Woodvale, Perth WA AUS"]
[Date "2024.05.31"]
[Round "1.1"]
[White "Elkington,Derek"]
[Black "Moseley,Paul"]
[Result "1-0"]
[WhiteElo "1879"]
[BlackElo "1620"]
[EventDate "2024.05.31"]
[WhiteFideId "3212564"]
[BlackFideId "3250911"]
[PlyCount "0"]

1.e4 c5 2.Nf3 d6 3.d4 cxd4 4.Nxd4 Nf6 5.Nc3 g6 6.Be3 Bg7 7.f3 a6 8.Qd2 h5
9.O-O-O b5 10.Kb1 Bb7 11.h4 Nbd7 12.a4 Qa5 13.Nb3 Qd8 14.axb5 axb5 15.Bxb5 O-O
16.Bh6 Ne5 17.Bxg7 Kxg7 18.Qd4 Kh7 19.f4 Nc6 20.Qe3 Na5 21.Nd4 Qc7 22.f5 Rg8
23.Nf3 Rg7 24.fxg6+ Rxg6 25.Ng5+ Kg7 26.Qd4 Nc6 27.Qc4 e6 28.Qxe6 Rxg5 29.Qxf6+
Kxf6 30.hxg5+ Kg6 31.Be2 Rh8 32.Nb5 Qe7 33.Rxd6+ Kg7 34.Rf6 Ne5 35.Nd6 Rd8
36.Nf5+ Kf8 37.Nxe7 Kxe7 38.Bf3 Rh8 39.Rh6 Rd8 40.R6xh5 Ng6 41.Rc1 Nf4 42.Rh6
Ng6 43.c4 Ra8 44.c5 Ne5 45.Rc3 Nc6 46.e5 Rg8 47.Bxc6 Bc8 48.Rg3 Bf5+ 49.Kc1 Bg6
50.b4 Rd8 51.b5 Rd4 52.Rc3 Rg4 53.b6 Rxg2 1-0

[Event "2024 WA Championship Reserves"]
[Site "Woodvale, Perth WA AUS"]
[Date "2024.05.31"]
[Round "1.2"]
[White "Gong,Leo"]
[Black "Gao,Oscar"]
[Result "0-1"]
[WhiteElo "1585"]
[BlackElo "1843"]
[EventDate "2024.05.31"]
[WhiteFideId "3258726"]
[BlackFideId "3235173"]
[PlyCount "0"]

1.e4 Nc6 2.d4 d5 3.e5 Bf5 4.Nf3 Nb4 5.Na3 c5 6.c3 Nc6 7.Be3 c4 8.Be2 e6 9.O-O
Rb8 10.Nc2 b5 11.b4 cxb3 12.axb3 Qc7 13.Qd2 Na5 14.Rab1 b4 15.Nxb4 Bxb4 16.cxb4
Bxb1 17.Rxb1 Nc6 18.Rc1 Qb6 19.b5 Nd8 20.Qc3 Ne7 21.Qc7 Rc8 22.Qxb6 Rxc1+
23.Bxc1 axb6 24.Ba3 Nb7 25.Ne1 Kd7 26.Nc2 Rc8 27.Nb4 Rc3 28.Bd1 Na5 29.Bb2 Rc8
30.Kf1 Ra8 31.Ke1 Nc8 32.Na6 Na7 33.b4 Nc4 34.Bc3 Rc8 35.Bd2 Nxb5 36.Ba4 Na3
37.Kd1 Ra8 38.Bxb5+ Nxb5 39.Nc5+ bxc5 40.dxc5 d4 41.Kc2 Ra2+ 42.Kd3 Kc6 43.Kc4
Rxd2 44.h4 Ra2 45.h5 Ra3 46.g4 Rc3# 0-1

[Event "2024 WA Championship Reserves"]
[Site "Woodvale, Perth WA AUS"]
[Date "2024.05.31"]
[Round "1.3"]
[White "Clarke,Daniel"]
[Black "Sheridan,Wallace"]
[Result "1-0"]
[WhiteElo "1833"]
[BlackElo "1567"]
[EventDate "2024.05.31"]
[WhiteFideId "3247570"]
[BlackFideId "3206769"]
[PlyCount "0"]

1.e4 d6 2.d4 Nf6 3.Nc3 e5 4.Nf3 Nbd7 5.Bc4 Be7 6.O-O O-O 7.a4 c6 8.Re1 h6 9.h3
Re8 10.a5 exd4 11.Nxd4 Bf8 12.Bf4 Ne5 13.Bb3 Ng6 14.Bh2 d5 15.exd5 Rxe1+ 16.Qxe1
Nxd5 17.Nxd5 cxd5 18.Nb5 Be6 19.Nc7 Qc8 20.Nxa8 Qxa8 21.Qc3 Qd8 22.Re1 Be7
23.Qc7 Bf6 24.Qxd8+ Bxd8 25.Bxd5 Bxa5 26.Rd1 Bf5 27.c3 b5 28.b4 Bb6 29.Bc6 Ne7
30.Bxb5 Be6 31.c4 1-0

[Event "2024 WA Championship Reserves"]
[Site "Woodvale, Perth WA AUS"]
[Date "2024.05.31"]
[Round "1.4"]
[White "Liyanage,Nithuli"]
[Black "Bumbak,Jacob"]
[Result "0-1"]
[WhiteElo "1514"]
[BlackElo "1776"]
[EventDate "2024.05.31"]
[WhiteFideId "3266729"]
[BlackFideId "3261832"]
[PlyCount "0"]

1.e4 c6 2.d4 d5 3.e5 Bf5 4.Bd3 Bxd3 5.Qxd3 e6 6.a3 Ne7 7.Nf3 Nf5 8.Bd2 c5 9.dxc5
Bxc5 10.Qb5+ Nd7 11.O-O O-O 12.Qxb7 Rb8 13.Qa6 Rxb2 14.Qd3 Qc7 15.Bc3 Rb7
16.Nbd2 h6 17.Nb3 Bb6 18.Rfc1 Rc8 19.Bb2 Nc5 20.Qe2 Ne4 21.Bd4 Nxd4 22.Nbxd4
Bxd4 23.Nxd4 Qxe5 24.Nf3 Qb2 25.Qd3 Rbc7 26.Rab1 Qc3 27.Qe2 Qxa3 28.Ne5 Nc3
29.Qh5 Nxb1 30.Rxb1 Qe7 31.Rb3 Qg5 32.Qxg5 hxg5 33.g3 Rxc2 34.Nf3 R2c3 35.Rxc3
Rxc3 36.Nxg5 a5 37.Kf1 a4 38.Ke2 a3 39.Kd2 Rc4 40.Nf3 a2 41.Ne5 Rd4+ 42.Kc3
a1=Q+ 43.Kb3 Qa4+ 44.Kb2 Rd2+ 45.Kc3 Qc2+ 46.Kb4 Qc1 47.Kb3 Rb2+ 48.Ka3 Qa1# 0-1

[Event "2024 WA Championship Reserves"]
[Site "Woodvale, Perth WA AUS"]
[Date "2024.05.31"]
[Round "1.5"]
[White "Huang,Hui"]
[Black "Sethuraman,Jaswanth Ram"]
[Result "1-0"]
[WhiteElo "1760"]
[BlackElo "1490"]
[EventDate "2024.05.31"]
[WhiteFideId "3247597"]
[BlackFideId "3245250"]
[PlyCount "0"]

1.d4 d6 2.Bf4 g6 3.e4 Bg7 4.Nc3 Nf6 5.Qd2 Nbd7 6.O-O-O Nb6 7.Bh6 O-O 8.h4 Re8
9.Bxg7 Kxg7 10.h5 e5 11.hxg6 fxg6 12.Qh6+ Kh8 13.dxe5 Rxe5 14.Qxg6 Bg4 15.Be2
Bxe2 16.Ngxe2 Qe7 17.Ng3 Rg8 18.Qh6 Reg5 19.Qh3 Ng4 20.Nf5 Rxf5 21.exf5 Nxf2
22.Qf3 Qg5+ 23.Kb1 Nxh1 24.Rxh1 Qxg2 25.Qh5 Rg7 26.f6 Rd7 27.Re1 Rd8 28.Re8+
Rxe8 29.Qxe8+ Qg8 30.f7 Qxe8 31.fxe8=Q+ Kg7 32.Ne4 Kh6 33.Qg8 Kh5 34.Qg5# 1-0

[Event "2024 WA Championship Reserves"]
[Site "Woodvale, Perth WA AUS"]
[Date "2024.05.31"]
[Round "1.6"]
[White "Perera,Kaviru"]
[Black "Otis,Max"]
[Result "0-1"]
[WhiteElo "1448"]
[BlackElo "1759"]
[EventDate "2024.05.31"]
[WhiteFideId "3261565"]
[BlackFideId "3265854"]
[PlyCount "0"]

1.e4 c6 2.d4 d5 3.e5 c5 4.c3 Nc6 5.Nf3 cxd4 6.cxd4 Bg4 7.Bb5 e6 8.O-O Ne7 9.Bg5
Qb6 10.Bxc6+ Nxc6 11.Bc1 Bxf3 12.gxf3 Qxd4 13.Qxd4 Nxd4 14.Nd2 Bb4 15.Kg2 O-O
16.a3 Bxd2 17.Bxd2 Nb3 18.Rad1 Rfc8 19.Bc3 Rc4 20.Kg3 a5 21.Rfe1 b5 22.Bd2 Rac8
23.Re3 Nxd2 24.Rxd2 a4 25.f4 g6 26.Kf3 h5 27.h4 Kf8 28.Rdd3 b4 29.Ke2 b3 30.Kf3
Rc2 31.Re2 R8c4 32.Ree3 Rxb2 33.Rc3 Rc2 34.Rxc4 Rxc4 35.Re1 Rc2 36.Kg2 Ra2
37.Rb1 Rxa3 38.Rb2 Ra2 39.Rb1 Rc2 40.Kf1 b2 41.Kg2 a3 42.Kg3 a2 43.Rg1 Rc1
44.Rxc1 bxc1=Q 45.f3 a1=Q 46.f5 Qg1+ 47.Kh3 Qaf1# 0-1

[Event "2024 WA Championship Reserves"]
[Site "Woodvale, Perth WA AUS"]
[Date "2024.05.31"]
[Round "1.7"]
[White "Gough,Dylan"]
[Black "Oscar,Christopher George"]
[Result "1-0"]
[WhiteElo "1738"]
[BlackElo "1438"]
[EventDate "2024.05.31"]
[WhiteFideId "3243176"]
[BlackFideId "5835569"]
[PlyCount "0"]

1.d4 d5 2.c4 e6 3.Nc3 Nf6 4.Nf3 c5 5.cxd5 Nxd5 6.e4 Nxc3 7.bxc3 Bd7 8.d5 exd5
9.exd5 g6 10.Qe2+ Qe7 11.Bg5 Qxe2+ 12.Bxe2 Bg7 13.Rc1 O-O 14.O-O Bf5 15.Rfe1 Nd7
16.Bb5 Nb6 17.d6 f6 18.Be3 Rac8 19.Red1 Bd7 20.Be2 Bf5 21.Nd2 Rfd8 22.Nc4 Nd7
23.Bf3 Ne5 24.Nxe5 fxe5 25.Bxb7 Rb8 26.Bd5+ Kh8 27.Bxc5 Rb5 28.Ba3 Bh6 29.Ra1
Bc2 30.Bc4 Rb6 31.Rd5 Rc6 32.Bc5 Bg7 33.Bb5 Rcc8 34.d7 Rc7 35.Be7 Rg8 36.d8=Q
Rc8 37.Qa5 e4 38.Rc5 Rb8 39.h3 Rbc8 40.Rc1 Bd3 41.Bxd3 exd3 42.Rd1 Rb8 43.Rxd3
Rge8 44.Rd8 Rexd8 45.Bxd8 Bh6 46.Bf6+ Kg8 47.g3 Bf8 48.Qc7 Re8 49.Re5 Ra8
50.Qc4# 1-0

[Event "2024 WA Championship Reserves"]
[Site "Woodvale, Perth WA AUS"]
[Date "2024.05.31"]
[Round "1.8"]
[White "Tan, Li Ya Leah"]
[Black "Simonds,Marcus"]
[Result "0-1"]
[WhiteElo "1434"]
[BlackElo "1714"]
[EventDate "2024.05.31"]
[WhiteFideId "5838789"]
[BlackFideId "3237575"]
[PlyCount "0"]

1.e4 c5 2.Nf3 e6 3.d4 cxd4 4.Nxd4 Nc6 5.Nxc6 bxc6 6.Be2 d5 7.exd5 exd5 8.O-O Nf6
9.Bf4 Bd6 10.Bxd6 Qxd6 11.Nd2 O-O 12.Nf3 Bf5 13.c4 Rfd8 14.cxd5 cxd5 15.Nd4 Bg6
16.Bd3 Bxd3 17.Qxd3 Re8 18.Rac1 Rac8 19.Qf5 Rc5 20.Nb3 Rxc1 21.Rxc1 g6 22.Qf3
Qe5 23.Qc3 Qxc3 24.bxc3 Re2 25.a4 Ra2 26.a5 Ra3 27.Rb1 Ne4 28.Nd4 Rxa5 29.Rc1
Nxc3 30.f3 Ra3 31.Kf2 Kg7 32.Nc6 a5 33.Nxa5 d4 34.Nc4 Ra2+ 35.Kg3 Ne2+ 36.Kg4
Nxc1 37.g3 d3 38.h3 d2 39.Ne3 Ne2 40.f4 Nc3 41.h4 d1=Q+ 42.Nxd1 Nxd1 43.Kg5 Rg2
44.g4 f6# 0-1

[Event "2024 WA Championship Reserves"]
[Site "Woodvale, Perth WA AUS"]
[Date "2024.05.31"]
[Round "1.9"]
[White "Shaw,Robin A"]
[Black "Cotterill,Graeme"]
[Result "1-0"]
[WhiteElo "1713"]
[BlackElo "1336"]
[EventDate "2024.05.31"]
[WhiteFideId "3204677"]
[BlackFideId "3274942"]
[PlyCount "0"]

1.e4 c5 2.Nf3 d6 3.d4 cxd4 4.c3 dxc3 5.Nxc3 Nc6 6.Bc4 Nf6 7.e5 dxe5 8.Qxd8+ Nxd8
9.Nb5 Be6 10.Nc7+ Kd7 11.Nxe6 Nxe6 12.Nxe5+ Kc8 13.Nxf7 Nd4 14.O-O b5 15.Rd1
bxc4 16.Rxd4 Rg8 17.Rxc4+ Kb7 18.Bf4 Rc8 19.Rac1 Rxc4 20.Rxc4 Nd5 21.Nd8+ Kb6
22.Ne6 Nxf4 23.Rxf4 g5 24.Rxf8 Rxf8 25.Nxf8 h6 26.Nd7+ Kb5 27.Kf1 Kc4 28.Ne5+
Kd5 29.Nd3 a5 30.Ke2 Kd4 31.f3 e6 32.g4 e5 33.Nf2 a4 34.Kd2 Kc4 35.Ne4 Kd4
36.Nc3 a3 37.b3 Kc5 38.Kd3 Kd6 39.Nb5+ Kc5 40.Nxa3 Kd5 41.Nc4 1-0

[Event "2024 WA Championship Reserves"]
[Site "Woodvale, Perth WA AUS"]
[Date "2024.05.31"]
[Round "1.10"]
[White "Brand,Drew"]
[Black "Tran,Thien Huy"]
[Result "1-0"]
[WhiteElo "1317"]
[BlackElo "1708"]
[EventDate "2024.05.31"]
[WhiteFideId "3271986"]
[BlackFideId "12445444"]
[PlyCount "0"]

1.Nf3 Nc6 2.b3 d5 3.e3 a6 4.Bb2 Bg4 5.Be2 Nf6 6.O-O Bxf3 7.Bxf3 e5 8.d3 Bd6
9.Nd2 Ne7 10.e4 c6 11.Qe2 Ng6 12.g3 O-O 13.Rfe1 Qb6 14.c3 Rfe8 15.b4 Rad8 16.Nb3
Re7 17.a4 d4 18.a5 Qb5 19.c4 Qxb4 20.Reb1 Qxb3 21.Bc1 Qc3 22.Ra2 Bb4 23.Bd2 Qxd2
24.Rxd2 Bxd2 25.Qxd2 Nf8 26.Qb4 Red7 27.Bg2 Ne6 28.Bh3 Ne8 29.Bxe6 fxe6 30.Qc5
Nf6 31.Qxe5 Re7 32.f4 h6 33.h3 Kf7 34.Kg2 g6 35.g4 Red7 36.g5 hxg5 37.Qxg5 Rh8
38.e5 Ng8 39.Rg1 Rh5 40.Qg3 Ne7 41.Kh2 Rd8 42.Qf3 Rdh8 43.Rb1 Rb8 44.Rg1 Nf5
45.Qg2 Rg8 46.Qb2 Rb8 47.Qb6 Ne7 48.Qxd4 Rbh8 49.Rg3 Rh4 50.Rf3 Ke8 51.Qd6 Kf7
52.Qd7 R4h7 53.Qxb7 g5 54.fxg5+ Kg6 55.Qd7 1-0

[Event "2024 WA Championship Reserves"]
[Site "Woodvale, Perth WA AUS"]
[Date "2024.05.31"]
[Round "1.11"]
[White "Vujasin,Nikola"]
[Black "Rithauddin,Florentyna"]
[Result "1-0"]
[WhiteElo "1705"]
[BlackElo "840"]
[EventDate "2024.05.31"]
[WhiteFideId "3214060"]
[BlackFideId "35816694"]
[PlyCount "0"]

1.d4 d5 2.c4 e6 3.Nc3 Nf6 4.Bg5 Be7 5.Nf3 O-O 6.e3 h6 7.Bh4 c6 8.cxd5 cxd5 9.Bd3
Nc6 10.O-O Bd7 11.Rc1 Rc8 12.Bb1 a6 13.a3 Na5 14.Qd3 Nc4 15.Bxf6 g6 16.Bxe7 Qxe7
17.Qe2 Bc6 18.Ne5 Nxe5 19.dxe5 Kg7 20.Qg4 Qg5 21.Qxg5 hxg5 22.f4 gxf4 23.exf4 f5
24.Bd3 Rc7 25.Ne2 Rfc8 26.Nd4 Bd7 27.Rxc7 Rxc7 28.h3 Kf7 29.Rf2 Rc1+ 30.Rf1 Rc7
31.Nb3 Ba4 32.Rc1 Re7 33.Nd4 Be8 34.b4 Kg7 35.Rc7 Rxc7 36.Nxe6+ Kh6 37.Nxc7 Bf7
38.e6 Bg8 39.e7 Bf7 40.e8=Q Bxe8 41.Nxe8 b5 42.Nc7 d4 43.Nxa6 g5 44.Bxf5 gxf4
45.Nc7 Kg5 46.Be4 Kf6 47.Kf2 Ke5 48.Kf3 Kd6 49.Nxb5+ Ke5 50.Nxd4 Kxd4 51.Kxf4
Kc3 52.b5 Kb3 53.b6 Kxa3 54.b7 Kb3 55.b8=Q+ Kc4 56.Qc7+ Kb4 57.Ke5 Kb3 58.Kd4
Kb2 59.Kd3 Kb3 60.Qb7+ Ka3 61.Kc3 Ka4 62.Qb4# 1-0

[Event "2024 WA Championship Reserves"]
[Site "Woodvale, Perth WA AUS"]
[Date "2024.06.01"]
[Round "2.1"]
[White "Simonds,Marcus"]
[Black "Elkington,Derek"]
[Result "0-1"]
[WhiteElo "1714"]
[BlackElo "1879"]
[EventDate "2024.05.31"]
[WhiteFideId "3237575"]
[BlackFideId "3212564"]
[PlyCount "0"]

1.d4 Nf6 2.Bf4 d5 3.e3 Bf5 4.Bd3 Bg6 5.h4 c5 6.c3 Qb6 7.Bxg6 hxg6 8.Qc2 Nbd7
9.Nf3 Rc8 10.Nbd2 e6 11.Qb3 Be7 12.Qxb6 axb6 13.Bg5 Bd6 14.Bxf6 Nxf6 15.Ne5 g5
16.O-O-O gxh4 17.Ndf3 Ne4 18.Rdf1 g5 19.g3 h3 20.g4 c4 21.Ng1 f6 22.Nef3 h2
23.Ne2 Rh3 24.Nd2 f5 25.Nxe4 fxe4 26.Ng3 Ke7 27.Nh5 Rf8 28.Kd2 Rh4 29.Ke2 Rxg4
30.Ng3 Rh8 31.b3 b5 32.bxc4 bxc4 33.Rb1 Bxg3 34.Rxb7+ Bc7 35.Rxc7+ Kd6 36.Rb7
Rg1 37.Rb1 Rxb1 0-1

[Event "2024 WA Championship Reserves"]
[Site "Woodvale, Perth WA AUS"]
[Date "2024.06.01"]
[Round "2.3"]
[White "Wu,Kobe"]
[Black "Clarke,Daniel"]
[Result "0-1"]
[WhiteElo "1689"]
[BlackElo "1833"]
[EventDate "2024.05.31"]
[WhiteFideId "3257355"]
[BlackFideId "3247570"]
[PlyCount "0"]

1.e4 e5 2.Nf3 Nc6 3.Bc4 Bc5 4.c3 Nf6 5.d3 d6 6.Nbd2 a6 7.Bb3 h6 8.O-O O-O 9.Re1
Be6 10.Nf1 Bxb3 11.Qxb3 b5 12.Ng3 Rb8 13.Qc2 Bb6 14.Nf5 Ne7 15.N3h4 Nxf5 16.Nxf5
Kh7 17.Bd2 Rh8 18.Rad1 Ng8 19.Qc1 g6 20.Nxh6 Nxh6 21.Bxh6 Bxf2+ 22.Kxf2 Qh4+
23.Kg1 Qxh6 24.Qxh6+ Kxh6 25.Rf1 Kg7 26.Rc1 c5 27.b4 Rh5 28.Rf3 f5 29.exf5 gxf5
30.a3 Rg5 31.Rb1 Rc8 32.Rc1 c4 33.d4 exd4 34.cxd4 Re8 35.Rc2 Re4 36.Rd2 Kf6
37.Kf2 Rgg4 38.h3 Rgf4 39.Rxf4 Rxf4+ 40.Ke3 Re4+ 41.Kf3 d5 42.g3 Re1 43.Rc2 Rd1
44.Rc3 Rb1 45.Ke2 Rb3 46.Rxb3 cxb3 47.Kd2 f4 48.gxf4 Kf5 49.Kc3 Kxf4 50.Kxb3 Kg3
51.Kc3 Kxh3 52.Kd3 Kg4 53.Ke3 Kg3 54.Ke2 Kf4 55.Kd3 Kf3 56.Kc3 Ke3 57.Kc2 Kxd4
58.Kd2 Kc4 59.Kc2 d4 60.Kb2 Kd3 61.Kb3 Ke2 62.a4 d3 63.axb5 axb5 64.Kb2 d2
65.Kc3 d1=Q 66.Kb2 Kd3 67.Ka3 Kc3 68.Ka2 Qc2+ 69.Ka1 Qb2# 0-1

[Event "2024 WA Championship Reserves"]
[Site "Woodvale, Perth WA AUS"]
[Date "2024.06.01"]
[Round "2.4"]
[White "Bumbak,Jacob"]
[Black "Huang,Yuqi (Ricky)"]
[Result "1-0"]
[WhiteElo "1776"]
[BlackElo "1638"]
[EventDate "2024.05.31"]
[WhiteFideId "3261832"]
[BlackFideId "3268250"]
[PlyCount "0"]

1.d4 Nf6 2.Nc3 g6 3.e4 d6 4.Be3 Bg7 5.Qd2 O-O 6.Bh6 e5 7.Bxg7 Kxg7 8.d5 Nbd7
9.f3 Nc5 10.h4 Ng8 11.h5 g5 12.Nge2 f5 13.Ng3 f4 14.Nge2 h6 15.Nc1 Qe8 16.b4 Na6
17.Bxa6 bxa6 18.Nd3 Nf6 19.Ne2 Nxh5 20.Qc3 Qf7 21.Rxh5 Qxh5 22.Qxc7+ Rf7 23.Qxd6
Qh1+ 24.Kf2 Qxa1 25.Nxe5 Rb7 26.Qg6+ Kf8 27.Qxh6+ Ke8 28.Qh8+ Ke7 29.Nc6+ Kf7
30.Qxa1 Bd7 31.Ne5+ Ke7 32.Nxd7 Rxd7 33.Qg7+ Kd6 34.e5+ Kc7 35.d6+ Kc8 36.Qg8+
Kb7 37.Qd5+ Kb8 38.e6 Rg7 39.e7 Rxe7 40.dxe7 g4 41.e8=Q+ Kc7 42.Qed7+ Kb6
43.Qc5# 1-0

[Event "2024 WA Championship Reserves"]
[Site "Woodvale, Perth WA AUS"]
[Date "2024.06.01"]
[Round "2.5"]
[White "Roebuck,Derek J"]
[Black "Huang,Hui"]
[Result "1/2-1/2"]
[WhiteElo "1680"]
[BlackElo "1760"]
[EventDate "2024.05.31"]
[WhiteFideId "3226999"]
[BlackFideId "3247597"]
[PlyCount "0"]

1.e4 Nf6 2.Nc3 e5 3.Nf3 Nc6 4.d4 exd4 5.Nxd4 Bb4 6.Nxc6 bxc6 7.Bd3 d5 8.exd5
cxd5 9.O-O O-O 10.h3 c6 11.Qf3 Bd6 12.Bf4 Rb8 13.b3 Qc7 14.Bxd6 Qxd6 15.Qg3
1/2-1/2

[Event "2024 WA Championship Reserves"]
[Site "Woodvale, Perth WA AUS"]
[Date "2024.06.01"]
[Round "2.6"]
[White "Otis,Max"]
[Black "Brand,Drew"]
[Result "1-0"]
[WhiteElo "1759"]
[BlackElo "1317"]
[EventDate "2024.05.31"]
[WhiteFideId "3265854"]
[BlackFideId "3271986"]
[PlyCount "0"]

1.e4 d6 2.d4 Nf6 3.Nc3 g6 4.Bg5 Bg7 5.f3 a6 6.Qd2 h6 7.Bh4 c6 8.a4 Nbd7 9.Bd3 g5
10.Bf2 e5 11.Nge2 Qc7 12.Ng3 exd4 13.Bxd4 Ne5 14.Be2 Be6 15.O-O O-O-O 16.a5 Qe7
17.Na4 c5 18.Bxe5 dxe5 19.Qc3 Rd4 20.Qxc5+ Qxc5 21.Nxc5 Bc4 22.Bxc4 Rxc4 23.Nd3
Rxc2 24.Rac1 Rxc1 25.Rxc1+ Kb8 26.Nxe5 Nxe4 27.Nd7+ Ka7 28.Nxe4 Bd4+ 29.Kf1 Rd8
30.Rc7 Bxb2 31.Nec5 Rxd7 32.Rxd7 Bc3 33.Rxb7+ Ka8 34.Rxf7 Bxa5 35.Nxa6 h5 36.Rf5
Bd2 37.h4 Kb7 38.Nc5+ Kc6 39.hxg5 1-0

[Event "2024 WA Championship Reserves"]
[Site "Woodvale, Perth WA AUS"]
[Date "2024.06.01"]
[Round "2.8"]
[White "Chen,Angus"]
[Black "Raptis,Liam"]
[Result "1-0"]
[WhiteElo "1672"]
[BlackElo "1646"]
[EventDate "2024.05.31"]
[WhiteFideId "3251390"]
[BlackFideId "3254488"]
[PlyCount "0"]

1.e4 e5 2.Nf3 Nc6 3.Bc4 Nf6 4.Ng5 d5 5.exd5 Na5 6.Bb5+ c6 7.dxc6 bxc6 8.Be2 Bc5
9.d3 O-O 10.O-O h6 11.Ne4 Bb6 12.Nbc3 Bf5 13.Bf3 Nd5 14.Re1 Rc8 15.Nxd5 cxd5
16.Ng3 e4 17.Nxf5 exf3 18.Ne7+ Kh8 19.Nxc8 Qxc8 20.Qxf3 Qxc2 21.Be3 Qxd3 22.Rad1
Qb5 23.Bxb6 axb6 24.Qxd5 Qxb2 25.Rb1 Qf6 26.Qb5 Rb8 27.Re8+ Rxe8 28.Qxe8+ Kh7
29.Qb5 Qe6 30.Qxb6 Qxa2 31.Qb5 Qc2 32.h3 Nc4 33.Re1 Nd2 34.Qe2 Qc3 35.Rd1 Nc4
36.Qe4+ g6 37.Qf4 Ne5 38.Rd5 Nc6 39.Qxf7+ Qg7 40.Qe8 Ne7 41.Rd7 Qa1+ 42.Kh2 Qe5+
43.g3 1-0

[Event "2024 WA Championship Reserves"]
[Site "Woodvale, Perth WA AUS"]
[Date "2024.06.01"]
[Round "2.9"]
[White "Tran,Thien Huy"]
[Black "Oscar,Christopher George"]
[Result "1-0"]
[WhiteElo "1708"]
[BlackElo "1438"]
[EventDate "2024.05.31"]
[WhiteFideId "12445444"]
[BlackFideId "5835569"]
[PlyCount "0"]

1.e4 c6 2.d4 d5 3.e5 Bf5 4.h4 h5 5.Bd3 Bd7 6.Nf3 e6 7.Ng5 c5 8.Qf3 Nh6 9.Nxf7
Nxf7 10.Bg6 Qb6 11.Qxf7+ Kd8 12.O-O Nc6 13.c4 cxd4 14.Bf4 Qxb2 15.Nd2 Be7
16.Qxg7 Rf8 17.Rab1 Qxa2 18.Bg5 Kc7 19.Bxe7 Nxe7 20.Qxe7 Rad8 21.Qd6+ Kc8
22.cxd5 exd5 23.Rfc1+ Qc4 24.Nxc4 Bc6 25.Nb6+ axb6 26.Rxc6+ bxc6 27.Qxc6+ Kb8
28.Rxb6+ Ka7 29.Qb7# 1-0

[Event "2024 WA Championship Reserves"]
[Site "Woodvale, Perth WA AUS"]
[Date "2024.06.01"]
[Round "2.10"]
[White "Akers,Gerard"]
[Black "Tan, Li Ya Leah"]
[Result "1-0"]
[WhiteElo "1689"]
[BlackElo "1434"]
[EventDate "2024.05.31"]
[WhiteFideId "110033447"]
[BlackFideId "5838789"]
[PlyCount "0"]

1.e4 e5 2.Bc4 Nf6 3.d4 Nc6 4.Nf3 exd4 5.Ng5 d5 6.exd5 Nxd5 7.O-O f6 8.Re1+ Be7
9.Qh5+ g6 10.Qf3 fxg5 11.Bxd5 Rf8 12.Bxc6+ bxc6 13.Qxc6+ Bd7 14.Qe4 Bf5 15.Qc6+
Bd7 16.Qc5 Rf5 17.Qxd4 Kf8 18.Qh8+ Kf7 19.Qxh7+ Kf6 20.b3 Bd6 21.Bb2+ Be5
22.Bxe5+ Rxe5 23.Rxe5 Kxe5 24.Nc3 Bf5 25.Qg7+ Kf4 26.Rd1 Bd7 27.Rxd7 Qe8 28.Rf7+
Qxf7 29.Qxf7+ Ke5 30.Qd5+ Kf6 31.Qxa8 1-0

[Event "2024 WA Championship Reserves"]
[Site "Woodvale, Perth WA AUS"]
[Date "2024.06.01"]
[Round "2.11"]
[White "Moseley,Paul"]
[Black "Cotterill,Graeme"]
[Result "1-0"]
[WhiteElo "1620"]
[BlackElo "1336"]
[EventDate "2024.05.31"]
[WhiteFideId "3250911"]
[BlackFideId "3274942"]
[PlyCount "0"]

1.d4 e6 2.Nf3 f5 3.h3 Nf6 4.g4 fxg4 5.hxg4 Nxg4 6.Qd3 Nf6 7.Rxh7 Nxh7 8.Qg6+ Ke7
9.Ne5 Qe8 10.Qg3 Kd8 11.Qf3 Nf6 12.Bg5 Be7 13.Nc3 Nc6 14.O-O-O d6 15.Nc4 Bd7
16.Kb1 Qh5 17.Ne4 Qxf3 18.exf3 d5 19.Ne5 dxe4 20.Nf7+ Ke8 21.Nxh8 exf3 22.Bd3
Nd5 23.Bg6+ Kf8 24.Bd2 Kg8 25.Bf7+ Kf8 26.c4 Nf6 27.Bf4 Bd6 28.Bc1 Nd8 29.Bg6
Nc6 30.c5 Be7 31.Rh1 Nd8 32.Rh3 Kg8 33.Bf4 Rc8 34.Kc2 b6 35.b4 Bc6 36.Kd3 Bd5
37.Ke3 bxc5 38.dxc5 Bf8 39.Bb1 Ng4+ 40.Kd4 Nf6 41.Ng6 Nf7 42.a3 Ng4 43.Bg3 Nfh6
44.Bh4 Nf5+ 45.Bxf5 exf5 46.Kxd5 Kf7 47.Nf4 Re8 48.Rxf3 Be7 49.Bg3 Bd8 50.Nd3 g6
51.a4 Re6 52.b5 Nf6+ 53.Kc4 Re4+ 54.Kb3 Ke6 55.c6 Nd5 56.Nc5+ Ke7 57.Nxe4 fxe4
58.Re3 Nxe3 59.fxe3 Ke6 60.Kc4 g5 61.Kd4 Kf5 62.a5 Kg4 63.Be5 Kf3 64.Bg7 g4
65.Be5 Bf6 66.Bxf6 g3 67.Be5 g2 68.Bh2 1-0

[Event "2024 WA Championship Reserves"]
[Site "Woodvale, Perth WA AUS"]
[Date "2024.06.01"]
[Round "2.12"]
[White "Rithauddin,Florentyna"]
[Black "Gong,Leo"]
[Result "1-0"]
[WhiteElo "840"]
[BlackElo "1585"]
[EventDate "2024.05.31"]
[WhiteFideId "35816694"]
[BlackFideId "3258726"]
[PlyCount "0"]

1.c4 c6 2.d4 d5 3.cxd5 cxd5 4.Nc3 Nf6 5.Nf3 Nc6 6.g3 e6 7.a3 Bd6 8.Bg2 a6 9.O-O
Rb8 10.Re1 Qc7 11.e4 dxe4 12.Nxe4 Nd5 13.Be3 O-O 14.Nxd6 Qxd6 15.Qd2 Nce7
16.Red1 b5 17.b4 Bb7 18.Rac1 Rbc8 19.Ng5 Qb6 20.Ne4 Ba8 21.Nc5 Rfd8 22.Qb2 h6
23.Rd2 Nf5 24.Re1 Kh8 25.Rd3 Kg8 26.Bh3 Nfe7 27.Bg2 Bc6 28.Qe2 Qa7 29.Qg4 Nf5
30.Be4 Nf6 31.Qf3 Nxe4 32.Nxe4 Qa8 33.Bd2 Nd6 34.Nf6+ gxf6 35.Qxf6 Nf5 36.g4 Bh1
37.f3 Bxf3 38.gxf5 Bh1 39.Rg3+ Kf8 40.Bxh6+ Ke8 41.Rxe6+ fxe6 42.Qxe6# 1-0

[Event "2024 WA Championship Reserves"]
[Site "Woodvale, Perth WA AUS"]
[Date "2024.06.01"]
[Round "3.1"]
[White "Elkington,Derek"]
[Black "Bumbak,Jacob"]
[Result "1/2-1/2"]
[WhiteElo "1879"]
[BlackElo "1776"]
[EventDate "2024.05.31"]
[WhiteFideId "3212564"]
[BlackFideId "3261832"]
[PlyCount "0"]

1.e4 c6 2.d4 d5 3.f3 dxe4 4.fxe4 e5 5.Nf3 Bg4 6.Bc4 Nd7 7.O-O Ngf6 8.c3 b5 9.Bb3
Bd6 10.Be3 O-O 11.Nbd2 h6 12.h3 Bxf3 13.Qxf3 Qe7 14.Rae1 a6 15.g4 Nh7 16.Qf2
Rae8 17.h4 Ndf6 18.Qg2 Qd7 19.g5 hxg5 20.hxg5 Ng4 21.g6 Nhf6 22.Bg5 Re6 23.Bxe6
Qxe6 24.Bxf6 gxf6 25.Rf5 fxg6 26.Qxg4 Kf7 27.dxe5 Bc5+ 28.Kg2 gxf5 29.Qxf5 Rg8+
30.Kf3 Qxe5 31.Qxe5 fxe5 32.Rh1 Ke6 33.Rh6+ Kd7 34.Rh5 Rf8+ 35.Rf5 Ke6 36.Rxf8
Bxf8 37.Nf1 Bh6 38.b3 Kd6 39.Ke2 Bf4 40.Ne3 Bxe3 1/2-1/2

[Event "2024 WA Championship Reserves"]
[Site "Woodvale, Perth WA AUS"]
[Date "2024.06.01"]
[Round "3.2"]
[White "Gough,Dylan"]
[Black "Gao,Oscar"]
[Result "0-1"]
[WhiteElo "1738"]
[BlackElo "1843"]
[EventDate "2024.05.31"]
[WhiteFideId "3243176"]
[BlackFideId "3235173"]
[PlyCount "0"]

1.d4 Nf6 2.c4 e6 3.Nc3 Bb4 4.Bd2 b6 5.Nf3 Bb7 6.e3 O-O 7.Be2 d6 8.O-O Nbd7 9.Ne1
Bxc3 10.Bxc3 Ne4 11.Qc2 f5 12.f3 Nef6 13.Nd3 Qe7 14.Rad1 e5 15.d5 g5 16.Nf2 f4
17.exf4 gxf4 18.b4 a5 19.a3 axb4 20.axb4 b5 21.cxb5 Bxd5 22.Ra1 Nb6 23.Bb2 Qf7
24.Rfc1 Rfc8 25.Ne4 Kh8 26.Rxa8 Bxa8 27.Nxd6 cxd6 28.Qxc8+ Nxc8 29.Rxc8+ Kg7
30.Rxa8 Qb3 31.Ba3 Nd5 32.Ra7+ Kh6 33.Ra6 Qe3+ 34.Kf1 Nc3 35.Rxd6+ Kg5 36.Bc4
Nb1 37.Rd3 Nd2+ 38.Rxd2 Qxd2 39.b6 Qd1+ 40.Kf2 Qd4+ 0-1

[Event "2024 WA Championship Reserves"]
[Site "Woodvale, Perth WA AUS"]
[Date "2024.06.01"]
[Round "3.3"]
[White "Clarke,Daniel"]
[Black "Otis,Max"]
[Result "1-0"]
[WhiteElo "1833"]
[BlackElo "1759"]
[EventDate "2024.05.31"]
[WhiteFideId "3247570"]
[BlackFideId "3265854"]
[PlyCount "0"]

1.e4 c6 2.d4 d5 3.Nc3 dxe4 4.Nxe4 Nf6 5.Nxf6+ exf6 6.c3 Bd6 7.Bd3 O-O 8.Qc2 Re8+
9.Ne2 h6 10.Be3 Bg4 11.h3 Be6 12.O-O Qc7 13.Qd2 Qd7 14.Nf4 Bf5 15.Rfe1 Bxd3
16.Nxd3 h5 17.Bf4 Na6 18.Bxd6 Qxd6 19.Re3 Rxe3 20.Qxe3 Nc7 21.Qf3 Qd5 22.Qxd5
Nxd5 23.Re1 Kf8 24.Nc5 b6 25.Ne4 Re8 26.Kf1 Nf4 27.Re3 f5 28.Nd2 Rxe3 29.fxe3
Nd5 30.Ke2 f4 31.e4 Ne3 32.g3 g5 33.gxf4 gxf4 34.b3 Ke7 35.Kf3 b5 36.Kxf4 Nd1
37.Nb1 h4 38.Kf3 Kf6 39.Ke2 Nb2 40.Nd2 Kg5 41.d5 cxd5 42.exd5 Kf5 43.Nf3 Ke4
44.d6 Nd3 45.Ng5+ Kd5 46.Kxd3 Kxd6 47.Nxf7+ 1-0